| 000 | 00852nam a2200265 i 4500 | ||
|---|---|---|---|
| 999 |
_c200439998 _d58210 |
||
| 003 | TR-AnTOB | ||
| 005 | 20240424112750.0 | ||
| 007 | ta | ||
| 008 | 210316b1997 tu g 00| 0 tur d | ||
| 040 |
_aTR-AnTOB _beng _erda _cTR-AnTOB |
||
| 041 | 0 | _atur | |
| 050 | 1 | 4 |
_aHD9622.T92 _bC56 1997 |
| 090 |
_aTOBBK HD9622.T92 _bC56 1997 |
||
| 245 | 0 | 0 |
_aÇimento sektör raporu / _cHaz. Mehtap Güzel. |
| 264 | 1 |
_aAnkara : _bOrta Anadolu İhracatçı Birlikleri Genel Sekreterliği, _c1997. |
|
| 300 |
_a29 pages : _bgraphs, tables ; _c28 cm |
||
| 336 |
_atext _btxt _2rdacontent |
||
| 337 |
_aunmediated _bn _2rdamedia |
||
| 338 |
_avolume _bnc _2rdacarrier |
||
| 650 | 0 |
_aÇimento endüstrisi _zTürkiye _972813 |
|
| 700 | 1 |
_aGüzel, Mehtap _eeditor _9129597 |
|
| 942 |
_2z _cBK |
||